000 00717nam a2200181 i 4500
001 101401
003 ES-MaACL
005 20230906182906.0
007 t|
008 051018s1956 zzz ||||1| fre d
100 1 _aMayer, René.
_979363
245 1 0 _aL'activité de la Communauté
_b: Assemblée Commune. Session ordinaire 1955-56 /
_cexposé de Monsieur René Mayer, Président de la Haute Autorité.
260 _aStrasbourg :
_bService des Publications de la Communauté Européene,
_c1956.
300 _a58 p. ;
_c19 cm.
500 _aPrecede al tít.: Communauté Européenne du Charbon et de l'Acier.
710 2 _aComunidad Europea del Carbón y del Acero.
_93133
852 _aES-MaACL
_jC-21575
_bR.39663
999 _c101401
_d101401